LEADER 02439nam2 22003853i 450 001 CAGE006416 005 20170908093312.0 012 $aueat s.e- o-b- Vire (3) 1652 (R)$2fei 100 $a20110426d1652 ||||0itac50 ba 101 | $alat 102 $ait 181 1$6z01$ai $bxxxe 182 1$6z01$an 200 1 $a˜4: Zachariæ Pasqualigi Veronensis ... œQuæstionum moralium canonicarum centuria 4. In quibus ex principijs theologicis et sacris, atque ciuilibus legibus plura dubia, quæ ad praxim vtriusque fori pertinent tàm quò ad regulares, quàm quò ad sæculares breuitèr, et dilucidé explicantur 210 $aRomæ$ctypis Hæredum Francisci Corbelletti$d1652 215 $a[8], 260 p 300 $aSegn.: †⁴ A-R⁶ S-2A⁴ 300 $aFregio xil. sul frontespizio 300 $aNumero romano nel tit 300 $aIniziale e fregi xil. 316 $av. 4. - Legato con il v. 3$5IT-AV0003, F. ANTICO 1600/ 537 461 1$1001CAGE006401$12001 $a˜Zachariæ Pasqualigi Veronensis ... œVariarum quæstionum moralium canonicarum centuria 1[-4]. In quibus ex principiis theologicis et sacris, atque ciuilibus legibus plura dubia, quæ ad praxim vtriusque fori pertinent tàm quò ad regulares quàm quo ad sæculares breuiter, & dilucidè explicantur. Cum suis indicibus$v4 620 $aIT$dRoma$3LO1L002924 700 1$aPasqualigo$b, Zaccaria$f <1600-1664>$3BVEV058367$4070$0744253 712 02$aCorbelletti, Francesco$c <1.> eredi$3RMLV033486$4750 790 1$aPasqualigus$b, Zacharia$3CFIV316697$zPasqualigo, Zaccaria <1600-1664> 791 02$aCorbellettus, Franciscus$3CFIV316784$zCorbelletti, Francesco <1.> eredi 801 3$aIT$bIT-NA0079$c20110426 850 $aIT-AV0003 899 0$aBiblioteca Comunale "P. S. Mancini"$bAV0003$4v. 4: 1 esemplare$uhttp://biblioteca.comunediariano.it/images/library_images/1600537spazio4.JPG 912 $aCAGE006416 950 2$aBiblioteca Comunale "P. S. Mancini"$cV. 3-4$d ARF. ANTICO 1600/ 537$e ARANT0000007145S B 4 v. 4. - Legato con il v. 3$fN $h20110426$i20110426 977 $a AR 996 $aQuæstionum moralium canonicarum centuria 4. In quibus ex principijs theologicis et sacris, atque ciuilibus legibus plura dubia, quæ ad praxim vtriusque fori pertinent tàm quò ad regulares, quàm quò ad sæculares breuitèr, et dilucidé explicantur$91485272 997 $aUNISANNIO LEADER 02177nam 2200457 450 001 9910715007203321 005 20201202092236.0 035 $a(CKB)5470000002507936 035 $a(OCoLC)1225073501 035 $a(EXLCZ)995470000002507936 100 $a20201202j198105 ua 0 101 0 $aeng 135 $aur||||||||||| 181 $ctxt$2rdacontent 182 $cc$2rdamedia 183 $acr$2rdacarrier 200 10$aEvaluation of the Paser Magnum/Paser 500/HEI under Section 511 of the Motor Vehicle and Cost Savings Act /$fby Edward Anthony Barth 210 1$a[Ann Arbor, Mich.] :$cTest and Evaluation Branch, Emission Control Technology Division, Office of Mobile Source Air Pollution Control, U.S. Environmental Protection Agency,$dMay, 1981. 215 $a1 online resource (2 volumes) 300 $a"EPA-AA-TEB-511-81-5A"--[V. 1]. 300 $a"EPA-AA-TEB-511-81-5B"--[V. 2]. 300 $a"May, 1981." 327 $a[v. 1.] Evaluation of the Paser Magnum/Paser 500/Paser 500 HEI under Section 511 of the Moter Vehicle Information and Cost Saving Act -- [v. 2.] Attachments to: Evaluation of the Paser Magnum/Paser 500/Paser 500 HEI under Section 511 of the Moter Vehicle Information and Cost Saving Act. 606 $aMotor vehicles$xMotors$xExhaust gas$xAnalysis 606 $aMotor vehicles$xPollution control devices$xTesting 606 $aMotor vehicles$xFuel consumption 606 $aMotor vehicles$xFuel systems$xTesting 606 $aAir quality management$zUnited States 615 0$aMotor vehicles$xMotors$xExhaust gas$xAnalysis. 615 0$aMotor vehicles$xPollution control devices$xTesting. 615 0$aMotor vehicles$xFuel consumption. 615 0$aMotor vehicles$xFuel systems$xTesting. 615 0$aAir quality management 700 $aBarth$b Edward Anthony$01392327 712 02$aUnited States.$bEnvironmental Protection Agency.$bOffice of Mobile Source Air Pollution Control.$bEmission Control Technology Division.$bTest and Evaluation Branch, 801 0$bGPO 801 1$bGPO 906 $aBOOK 912 $a9910715007203321 996 $aEvaluation of the Paser Magnum$93535480 997 $aUNINA